[Event "Kerkinitida Cup Blitz"]
[Site "Evpatoria"]
[Date "2023.09.03"]
[Round "7"]
[White "Mashinskaya, Iulia"]
[Black "Kryakvin, Andrey"]
[Result "0-1"]
[WhiteElo "2215"]
[BlackElo "1526"]
[PlyCount "62"]
[EventDate "2023.09.03"]
[EventType "swiss (blitz)"]
[EventRounds "13"]
[EventCountry "UKR"]
[SourceTitle "EXT 2024"]
[Source "ChessBase"]
[SourceDate "2023.10.10"]
[SourceVersion "1"]
[SourceVersionDate "2023.10.10"]
[SourceQuality "1"]

1. d4 Nf6 2. Nc3 d5 3. Bg5 e6 4. e4 dxe4 5. Nxe4 Be7 6. Bxf6 Bxf6 7. Nf3 0-0 8. c3 b6 9. Bd3 Bb7 10. Qe2 Nd7 11. 0-0-0 Qe7 12. g4 c5 13. g5 Bxe4 14. Bxe4 Bxg5+ 15. Kb1 Rac8 16. h4 Bf6 17. Qd3 h6 18. Rdg1 Rfd8 19. Qe3 cxd4 20. Qxh6 Nf8 21. Rg3 Ng6 22. Rxg6 fxg6 23. Qxg6 Qf7 24. Qh7+ Kf8 25. h5 dxc3 26. h6 cxb2 27. hxg7+ Qxg7 28. Qh5 Rc1+ 29. Rxc1 bxc1Q+ 30. Kxc1 Ba1 31. Bc2 Qb2# 0-1

[Event "Kerkinitida Cup Blitz"]
[Site "Evpatoria"]
[Date "2023.09.03"]
[Round "2"]
[White "Truskavetsky, Alexandr"]
[Black "Mashinskaya, Iulia"]
[Result "1/2-1/2"]
[WhiteElo "2348"]
[BlackElo "2215"]
[PlyCount "129"]
[EventDate "2023.09.03"]
[EventType "swiss (blitz)"]
[EventRounds "13"]
[EventCountry "UKR"]
[SourceTitle "EXT 2024"]
[Source "ChessBase"]
[SourceDate "2023.10.10"]
[SourceVersion "1"]
[SourceVersionDate "2023.10.10"]
[SourceQuality "1"]

1. d4 d5 2. c4 c6 3. Nf3 Nf6 4. g3 Bf5 5. Nc3 e6 6. Qb3 Qb6 7. c5 Qxb3 8. axb3 Na6 9. Bg2 Nb4 10. 0-0 Be7 11. Ra4 a5 12. Na2 Nxa2 13. Rxa2 0-0 14. Bd2 Bc2 15. Ra3 a4 16. b4 Rac8 17. Rc1 Bb3 18. Bf4 Ne4 19. Ne5 f6 20. Nd7 Rfe8 21. Nb6 g5 22. Nxc8 gxf4 23. Nxe7+ Rxe7 24. Bxe4 dxe4 25. gxf4 e5 26. dxe5 fxe5 27. fxe5 Rxe5 28. Rxb3 axb3 29. Rc3 Rd5 30. Rxb3 Rd1+ 31. Kg2 Rd2 32. Kg3 Rxe2 33. Re3 Rxb2 34. Rxe4 Kf7 35. f4 Kf6 36. Rd4 Ke6 37. h4 h5 38. Re4+ Kf6 39. Rd4 Rb3+ 40. Kf2 Rh3 41. Rd7 Rxh4 42. Kg3 Rg4+ 43. Kf3 Kf5 44. Rf7+ Ke6 45. Rxb7 Rg1 46. Rh7 Rh1 47. Rh6+ Kd5 48. Rd6+ Kc4 49. Rxc6 Kxb4 50. Rc8 Kb5 51. Kg2 Rh4 52. Kg3 Rh1 53. f5 Rf1 54. Rf8 Kxc5 55. Kh4 Kd6 56. Kg5 Ke7 57. Ra8 h4 58. Ra7+ Ke8 59. Kg6 h3 60. f6 h2 61. Ra8+ Kd7 62. Ra7+ Ke8 63. Ra8+ Kd7 64. Ra7+ Ke8 65. Kg5 1/2-1/2

[Event "Yalta Yialos blitz op"]
[Site "Yalta"]
[Date "2023.08.28"]
[Round "10"]
[White "Mashinskaya, Iulia"]
[Black "Jary, Sergey"]
[Result "1-0"]
[WhiteElo "2215"]
[BlackElo "2233"]
[PlyCount "84"]
[EventDate "2023.08.28"]
[EventType "swiss (blitz)"]
[EventRounds "13"]
[EventCountry "UKR"]
[SourceTitle "EXT 2024"]
[Source "ChessBase"]
[SourceDate "2023.10.10"]
[SourceVersion "1"]
[SourceVersionDate "2023.10.10"]
[SourceQuality "1"]

1. d4 Nf6 2. Nc3 d5 3. Bg5 g6 4. e3 Bg7 5. Nf3 0-0 6. h3 Nc6 7. Be2 Ne4 8. Nxe4 dxe4 9. Nd2 h6 10. Bf4 f5 11. h4 e5 12. dxe5 Be6 13. Nb3 Qe7 14. Nd4 Rad8 15. c3 Nxe5 16. Bxe5 Bxe5 17. Qa4 Bxd4 18. cxd4 f4 19. Bc4 fxe3 20. fxe3 Bxc4 21. Qxc4+ Qf7 22. Qxf7+ Rxf7 23. Rf1 Rd5 24. Ke2 Rdf5 25. g4 Rxf1 26. Rxf1 Rxf1 27. Kxf1 Kf7 28. Kf2 Ke6 29. Kg3 g5 30. hxg5 hxg5 31. Kf2 Kd5 32. Ke2 Kc4 33. Kd2 a5 34. Kc2 a4 35. b3+ axb3+ 36. axb3+ Kb4 37. Kb2 c6 38. Kc2 b6 39. Kb2 b5 40. Kc2 Ka5 41. Kc3 Ka6 42. d5 c5 1-0

[Event "Yalta Yialos blitz op"]
[Site "Yalta"]
[Date "2023.08.28"]
[Round "2"]
[White "Smirnov, Pavel"]
[Black "Mashinskaya, Iulia"]
[Result "1-0"]
[WhiteElo "2538"]
[BlackElo "2215"]
[PlyCount "75"]
[EventDate "2023.08.28"]
[EventType "swiss (blitz)"]
[EventRounds "13"]
[EventCountry "UKR"]
[SourceTitle "EXT 2024"]
[Source "ChessBase"]
[SourceDate "2023.10.10"]
[SourceVersion "1"]
[SourceVersionDate "2023.10.10"]
[SourceQuality "1"]

1. d4 d5 2. c4 c6 3. Nf3 Nf6 4. e3 Bg4 5. Qb3 Qb6 6. Ne5 Bf5 7. cxd5 Qxb3 8. axb3 Nxd5 9. Bd3 Bxd3 10. Nxd3 Nd7 11. Bd2 a6 12. Ke2 e6 13. Na3 Be7 14. e4 Nc7 15. Bf4 Rc8 16. Rhd1 g5 17. Be3 f6 18. Nc4 Nb5 19. b4 Kf7 20. e5 f5 21. Nc5 Rc7 22. Na5 b6 23. Nxd7 bxa5 24. Nc5 axb4 25. Rxa6 Rd8 26. Nb3 Rcc8 27. g3 h6 28. Rc1 c5 29. dxc5 Rd5 30. f4 Nc7 31. Ra7 Nb5 32. Rb7 gxf4 33. gxf4 Nc7 34. c6 Na6 35. Ra7 Nb8 36. c7 Nd7 37. Rb7 Ra5 38. Nxa5 1-0

[Event "Yalta Yialos Rapid op"]
[Site "Yalta"]
[Date "2023.08.26"]
[Round "8"]
[White "Mashinskaya, Iulia"]
[Black "Islamov, Kamil"]
[Result "1-0"]
[WhiteElo "2215"]
[BlackElo "1704"]
[PlyCount "72"]
[EventDate "2023.08.25"]
[EventType "swiss (rapid)"]
[EventRounds "11"]
[EventCountry "UKR"]
[SourceTitle "EXT 2024"]
[Source "ChessBase"]
[SourceDate "2023.10.10"]
[SourceVersion "1"]
[SourceVersionDate "2023.10.10"]
[SourceQuality "1"]

1. d4 Nf6 2. Nc3 d5 3. Bg5 Nbd7 4. Nf3 g6 5. h3 Bg7 6. e3 0-0 7. Be2 c6 8. a4 a5 9. 0-0 b6 10. Bf4 Bb7 11. Ne5 Nxe5 12. Bxe5 Nd7 13. Bxg7 Kxg7 14. e4 dxe4 15. Nxe4 Qc7 16. Bf3 Ba6 17. Re1 Rad8 18. c3 c5 19. Qc1 Bb7 20. dxc5 Nxc5 21. Nxc5 Bxf3 22. Ne4 Bxe4 23. Rxe4 Rd7 24. Qg5 f6 25. Qe3 Rfd8 26. Re1 e5 27. f4 Rd3 28. Qf2 Rd2 29. Qf1 Qc5+ 30. Kh1 Rf2 31. Qg1 Rdd2 32. fxe5 f5 33. Rd4 Qc6 34. Rxd2 Rxd2 35. e6 Rd3 36. Qh2 f4 1-0

[Event "Yalta Yialos Rapid op"]
[Site "Yalta"]
[Date "2023.08.26"]
[Round "6"]
[White "Mashinskaya, Iulia"]
[Black "Triapishko, Alexandr"]
[Result "1/2-1/2"]
[WhiteElo "2215"]
[BlackElo "2506"]
[PlyCount "140"]
[EventDate "2023.08.25"]
[EventType "swiss (rapid)"]
[EventRounds "11"]
[EventCountry "UKR"]
[SourceTitle "EXT 2024"]
[Source "ChessBase"]
[SourceDate "2023.10.10"]
[SourceVersion "1"]
[SourceVersionDate "2023.10.10"]
[SourceQuality "1"]

1. d4 Nf6 2. Nc3 d5 3. Bg5 g6 4. e3 Bg7 5. Nf3 0-0 6. h3 c5 7. Be2 Nc6 8. 0-0 cxd4 9. exd4 h6 10. Bf4 e6 11. Ne5 Bd7 12. Bf3 Qb6 13. Ne2 Rfd8 14. b3 Be8 15. c3 Ne4 16. Nxc6 Bxc6 17. Rc1 Ng5 18. Ng3 Nxf3+ 19. Qxf3 Qa6 20. Rc2 Rac8 21. Rfc1 Bb5 22. a4 Be8 23. Be5 Qb6 24. Bxg7 Kxg7 25. Qf4 Qd6 26. Qg4 Kh7 27. h4 b5 28. a5 Rc7 29. Ne2 h5 30. Qf3 Rdc8 31. b4 Rc4 32. Qf6 Qd8 33. Qxd8 Rxd8 34. f4 f6 35. g3 Rdc8 36. Kf2 Bd7 37. Ke3 Kh6 38. Kd2 a6 39. Rf1 e5 40. fxe5 fxe5 41. dxe5 Bf5 42. Rcc1 Rg4 43. Rf4 Re8 44. Rxg4 hxg4 45. Nf4 Rxe5 46. Re1 Be4 47. Rc1 g5 48. hxg5+ Kxg5 49. Ke3 Bf3+ 50. Kd4 Re4+ 51. Kc5 Rc4+ 52. Kb6 Kf5 53. Kxa6 d4 54. Kxb5 Rxc3 55. Re1 d3 56. Nxd3 Rxd3 57. a6 Rb3 58. Ra1 Be2+ 59. Kc5 Rc3+ 60. Kd6 Rxg3 61. a7 Rd3+ 62. Kc7 Bf3 63. b5 Rc3+ 64. Kd6 Rd3+ 65. Kc7 g3 66. a8Q Bxa8 67. Rxa8 Rc3+ 68. Kd6 Rb3 69. Kc6 Kf4 70. Rf8+ Ke5 1/2-1/2

[Event "Yalta Yialos op"]
[Site "Yalta"]
[Date "2023.08.18"]
[Round "3"]
[White "Mashinskaya, Iulia"]
[Black "Islamov, Kamil"]
[Result "0-1"]
[WhiteElo "2215"]
[BlackElo "1704"]
[PlyCount "68"]
[EventDate "2023.08.16"]
[EventType "swiss"]
[EventRounds "9"]
[EventCountry "UKR"]
[SourceTitle "EXT 2024"]
[Source "ChessBase"]
[SourceDate "2023.10.10"]
[SourceVersion "1"]
[SourceVersionDate "2023.10.10"]
[SourceQuality "1"]

1. d4 Nf6 2. c4 g6 3. Nc3 d5 4. Nf3 Bg7 5. Bg5 dxc4 6. e4 c5 7. dxc5 Qa5 8. Qd2 Qxc5 9. Be3 Qc6 10. Rc1 Be6 11. e5 Ne4 12. Nxe4 Qxe4 13. Ng5 Qxe5 14. Nxe6 Qxe6 15. Bxc4 Qd7 16. Qe2 0-0 17. 0-0 Nc6 18. Rfd1 Nd4 19. Bxd4 Bxd4 20. Rd3 Rac8 21. Rc2 Qd6 22. Qg4 Rxc4 23. Rxc4 Bxf2+ 24. Kxf2 Qxd3 25. h4 b5 26. Rd4 Qc2+ 27. Qe2 Rc8 28. Rd8+ Kg7 29. Rxc8 Qxc8 30. Qxb5 Qf5+ 31. Qxf5 gxf5 32. b4 Kf6 33. Ke3 Ke5 34. b5 Kd5 0-1

[Event "Yalta Yialos op"]
[Site "Yalta"]
[Date "2023.08.16"]
[Round "1"]
[White "Mashinskaya, Iulia"]
[Black "Vorobyova, Natalia Y"]
[Result "1-0"]
[WhiteElo "2215"]
[BlackElo "1027"]
[PlyCount "53"]
[EventDate "2023.08.16"]
[EventType "swiss"]
[EventRounds "9"]
[EventCountry "UKR"]
[SourceTitle "EXT 2024"]
[Source "ChessBase"]
[SourceDate "2023.10.10"]
[SourceVersion "1"]
[SourceVersionDate "2023.10.10"]
[SourceQuality "1"]

1. d4 d5 2. Nc3 Bf5 3. Bf4 a6 4. e3 e6 5. Bd3 Bxd3 6. Qxd3 g5 7. Be5 f6 8. Bg3 h5 9. h4 g4 10. e4 Ne7 11. Nge2 Bh6 12. exd5 Nxd5 13. Nxd5 Qxd5 14. 0-0 c6 15. Nc3 Qf5 16. Qe2 Nd7 17. Rae1 Kf7 18. Ne4 Bf8 19. Bd6 Qd5 20. c4 Qxd4 21. Ng5+ Kg6 22. Rd1 Qa7 23. Qxe6 b5 24. Qf7+ Kh6 25. Bf4 Bg7 26. Ne6+ Kh7 27. Qxg7# 1-0

[Event "Dzhubga Rapid op"]
[Site "Dzhubga"]
[Date "2023.08.10"]
[Round "3"]
[White "Vastrukhin, Oleg"]
[Black "Mashinskaya, Iulia"]
[Result "1-0"]
[WhiteElo "2343"]
[BlackElo "2215"]
[PlyCount "85"]
[EventDate "2023.08.10"]
[EventType "swiss (rapid)"]
[EventRounds "11"]
[EventCountry "RUS"]
[SourceTitle "CBM 215 Extra"]
[Source "ChessBase"]
[SourceDate "2023.09.30"]
[SourceVersion "1"]
[SourceVersionDate "2023.09.30"]
[SourceQuality "1"]

1. Nf3 d5 2. g3 g6 3. Bg2 Bg7 4. d4 Nf6 5. 0-0 0-0 6. Nbd2 a5 7. c3 a4 8. Re1 c5 9. dxc5 Nbd7 10. e4 Nxc5 11. e5 Nfe4 12. Nf1 Bg4 13. Ne3 Bxf3 14. Bxf3 e6 15. c4 d4 16. Nc2 Ng5 17. Bxg5 Qxg5 18. Qxd4 Rac8 19. Qe3 Qxe3 20. Rxe3 Rfd8 21. b4 axb3 22. axb3 Rd2 23. Ne1 Rb2 24. Bd1 b6 25. f4 Rd8 26. Nf3 Bf8 27. Kf1 Nb7 28. Re2 Rxe2 29. Kxe2 Bb4 30. Ra4 Bf8 31. b4 Rc8 32. Kd3 Nd8 33. Nd4 f6 34. exf6 Kf7 35. g4 Kxf6 36. g5+ Kf7 37. Ra7+ Kg8 38. Bg4 h5 39. Bxe6+ Nxe6 40. Nxe6 Bxb4 41. Rg7+ Kh8 42. Rxg6 Ra8 43. f5 1-0

[Event "Alushta op"]
[Site "Alushta"]
[Date "2023.07.08"]
[Round "7"]
[White "Mashinskaya, Iulia"]
[Black "Petrov, Alexander3333"]
[Result "0-1"]
[WhiteElo "2215"]
[BlackElo "1929"]
[PlyCount "68"]
[EventDate "2023.07.02"]
[EventType "swiss"]
[EventRounds "9"]
[EventCountry "UKR"]
[SourceTitle "CBM 215 Extra"]
[Source "ChessBase"]
[SourceDate "2023.09.30"]
[SourceVersion "1"]
[SourceVersionDate "2023.09.30"]
[SourceQuality "1"]

1. d4 Nf6 2. Nf3 e6 3. c4 d5 4. Nc3 c5 5. cxd5 cxd4 6. Qxd4 exd5 7. e4 dxe4 8. Qxd8+ Kxd8 9. Ng5 Be6 10. Nxe6+ fxe6 11. Bc4 Ke7 12. 0-0 Kf7 13. Re1 Bb4 14. Bg5 Rc8 15. Bxf6 Rxc4 16. Bg5 Bxc3 17. bxc3 Nd7 18. Rab1 b6 19. Rb4 Rac8 20. Rxe4 Rxe4 21. Rxe4 Rxc3 22. Ra4 a5 23. Be3 e5 24. h4 h5 25. Re4 Ra3 26. f4 Nf6 27. Rxe5 Ng4 28. Bc1 Rxa2 29. Re1 a4 30. f5 Ra1 31. Kf1 a3 32. Ke2 a2 33. Bb2 Rxe1+ 34. Kxe1 Ne3 0-1

[Event "Alushta op"]
[Site "Alushta"]
[Date "2023.07.06"]
[Round "5"]
[White "Mashinskaya, Iulia"]
[Black "Moshkov, Aleksandr"]
[Result "1/2-1/2"]
[WhiteElo "2215"]
[BlackElo "1371"]
[PlyCount "79"]
[EventDate "2023.07.02"]
[EventType "swiss"]
[EventRounds "9"]
[EventCountry "UKR"]
[SourceTitle "CBM 215 Extra"]
[Source "ChessBase"]
[SourceDate "2023.09.30"]
[SourceVersion "1"]
[SourceVersionDate "2023.09.30"]
[SourceQuality "1"]

1. e4 d6 2. d4 Nf6 3. f3 e5 4. d5 c6 5. c4 Qc7 6. Nc3 Be7 7. Be3 0-0 8. Qd2 a6 9. Bd3 Nbd7 10. Nge2 Nc5 11. Bc2 b5 12. b4 Ncd7 13. dxc6 Qxc6 14. cxb5 axb5 15. Bd3 Qb7 16. 0-0 Nb6 17. Nxb5 Be6 18. Rfc1 Rfc8 19. Rxc8+ Rxc8 20. Rc1 Rxc1+ 21. Qxc1 Bxa2 22. Qc7 Qxc7 23. Nxc7 Bc4 24. Bxb6 Bxd3 25. Nc3 Nd7 26. Ba7 Bd8 27. Ne8 Kf8 28. Nxd6 Be7 29. Bc5 Nxc5 30. bxc5 Bxd6 31. cxd6 Ke8 32. Na4 g6 33. Nb6 Bb5 34. Kf2 f5 35. exf5 gxf5 36. g3 Kf7 37. Nd5 Bc6 38. Nb6 Ke6 39. d7 Bxd7 40. Ke3 1/2-1/2

[Event "Alushta op"]
[Site "Alushta"]
[Date "2023.07.04"]
[Round "3"]
[White "Mashinskaya, Iulia"]
[Black "Pervakov, Sergey"]
[Result "1/2-1/2"]
[WhiteElo "2215"]
[BlackElo "2052"]
[PlyCount "42"]
[EventDate "2023.07.02"]
[EventType "swiss"]
[EventRounds "9"]
[EventCountry "UKR"]
[SourceTitle "CBM 215 Extra"]
[Source "ChessBase"]
[SourceDate "2023.09.30"]
[SourceVersion "1"]
[SourceVersionDate "2023.09.30"]
[SourceQuality "1"]

1. d4 d5 2. Nc3 Nf6 3. Bg5 Nbd7 4. Nf3 c6 5. e3 g6 6. Be2 Bg7 7. h3 0-0 8. 0-0 Re8 9. Bf4 Nb6 10. Be5 Bf5 11. Nd2 Nc8 12. g4 Be6 13. f4 Nd6 14. Bd3 Rf8 15. Qe2 b5 16. f5 Bc8 17. e4 b4 18. Na4 dxe4 19. Nxe4 Ndxe4 20. Bxe4 Ba6 21. Bd3 Bxd3 1/2-1/2

[Event "Sevastopol Waltz Blitz"]
[Site "Sevastopol"]
[Date "2023.06.29"]
[Round "10"]
[White "Mashinskaya, Iulia"]
[Black "Bogdanovich, Konstantin"]
[Result "1-0"]
[WhiteElo "2215"]
[BlackElo "1160"]
[PlyCount "84"]
[EventDate "2023.06.29"]
[EventType "swiss (blitz)"]
[EventRounds "13"]
[EventCountry "UKR"]
[SourceTitle "CBM 215 Extra"]
[Source "ChessBase"]
[SourceDate "2023.09.30"]
[SourceVersion "1"]
[SourceVersionDate "2023.09.30"]
[SourceQuality "1"]

1. e4 d5 2. e5 e6 3. d4 c5 4. c3 Nc6 5. Nf3 Nge7 6. Be2 Ng6 7. 0-0 cxd4 8. cxd4 Qb6 9. Nc3 Bb4 10. a3 Bxc3 11. bxc3 0-0 12. a4 a5 13. Ba3 Re8 14. h4 Nge7 15. h5 h6 16. Bd3 Bd7 17. g4 Rac8 18. Qd2 Qc7 19. Bd6 Qd8 20. Kh1 Kh8 21. Rg1 Ng8 22. g5 hxg5 23. Nxg5 Nh6 24. Qf4 Rf8 25. Qg3 Rg8 26. Rab1 b6 27. Bc2 Ne7 28. Bxe7 Qxe7 29. Qd3 Nf5 30. Qh3 Nh6 31. Rg3 f6 32. exf6 gxf6 33. Nf3 Rxg3 34. fxg3 Rg8 35. Nh4 Be8 36. Ng6+ Bxg6 37. hxg6 Kg7 38. Rxb6 Rh8 39. g4 Qc7 40. Qg3 Qxb6 41. g5 Rd8 42. Qh4 Ng8 1-0

[Event "Sevastopol Waltz Rapid"]
[Site "Sevastopol"]
[Date "2023.06.28"]
[Round "11"]
[White "Triapishko, Alexandr"]
[Black "Mashinskaya, Iulia"]
[Result "1-0"]
[WhiteElo "2506"]
[BlackElo "2215"]
[PlyCount "41"]
[EventDate "2023.06.26"]
[EventType "swiss (rapid)"]
[EventRounds "11"]
[EventCountry "UKR"]
[SourceTitle "CBM 215 Extra"]
[Source "ChessBase"]
[SourceDate "2023.09.30"]
[SourceVersion "1"]
[SourceVersionDate "2023.09.30"]
[SourceQuality "1"]

1. c4 e5 2. Nc3 Nf6 3. Nf3 Nc6 4. e4 Bc5 5. Nxe5 Nxe5 6. d4 Bd6 7. c5 Bxc5 8. dxe5 Ng8 9. Bc4 Ne7 10. Bg5 0-0 11. Nd5 c6 12. Nf6+ gxf6 13. Bxf6 d5 14. Qd2 Bb4 15. Qxb4 dxc4 16. Rd1 Qb6 17. Qd2 Re8 18. Qh6 Nf5 19. exf5 Qb4+ 20. Kf1 Qf8 21. Qg5+ 1-0

[Event "Sevastopol Waltz Rapid"]
[Site "Sevastopol"]
[Date "2023.06.27"]
[Round "4"]
[White "Mashinskaya, Iulia"]
[Black "Pavlov, Ivan"]
[Result "1-0"]
[WhiteElo "2215"]
[BlackElo "1671"]
[PlyCount "119"]
[EventDate "2023.06.26"]
[EventType "swiss (rapid)"]
[EventRounds "11"]
[EventCountry "UKR"]
[SourceTitle "CBM 215 Extra"]
[Source "ChessBase"]
[SourceDate "2023.09.30"]
[SourceVersion "1"]
[SourceVersionDate "2023.09.30"]
[SourceQuality "1"]

1. e4 d6 2. d4 Nf6 3. Nc3 e5 4. Nge2 Be7 5. f3 h5 6. Be3 c6 7. Qd2 b5 8. dxe5 dxe5 9. Qxd8+ Bxd8 10. a4 b4 11. Nd1 0-0 12. Nc1 Be7 13. Nd3 Nbd7 14. Bd2 a5 15. Ne3 Bc5 16. Nc4 Re8 17. 0-0-0 Ba6 18. Nxc5 Nxc5 19. b3 Bxc4 20. Bxc4 Rad8 21. Be3 Nb7 22. Bb6 Ra8 23. g3 Re7 24. Be3 Nd7 25. Bg5 Nf6 26. Rd2 Rd7 27. Rxd7 Nxd7 28. Rd1 Nbc5 29. Be3 Kf8 30. h3 Ke7 31. Kb2 Rf8 32. c3 bxc3+ 33. Kxc3 f5 34. exf5 Rxf5 35. Be2 e4 36. f4 Rd5 37. Rxd5 cxd5 38. Bxh5 Nd3 39. Be2 N7c5 40. Bd4 g6 41. Bxc5+ Nxc5 42. Kd4 Kd6 43. Bd1 Ne6+ 44. Ke3 Kc5 45. g4 g5 46. fxg5 Nxg5 47. h4 Ne6 48. h5 Kd6 49. h6 Ng5 50. Kf4 Nf7 51. g5 Ke6 52. Bg4+ Ke7 53. h7 Nh8 54. Ke5 e3 55. Kxd5 Kf7 56. Kd4 Kg6 57. Kxe3 Kxg5 58. Be6 Kg6 59. Bg8 Kf6 60. Ke4 1-0

[Event "Sevastopol Waltz Rapid"]
[Site "Sevastopol"]
[Date "2023.06.27"]
[Round "8"]
[White "Tkachuk, Ilya"]
[Black "Mashinskaya, Iulia"]
[Result "0-1"]
[WhiteElo "1375"]
[BlackElo "2215"]
[PlyCount "110"]
[EventDate "2023.06.26"]
[EventType "swiss (rapid)"]
[EventRounds "11"]
[EventCountry "UKR"]
[SourceTitle "CBM 215 Extra"]
[Source "ChessBase"]
[SourceDate "2023.09.30"]
[SourceVersion "1"]
[SourceVersionDate "2023.09.30"]
[SourceQuality "1"]

1. d4 d5 2. Bf4 Nf6 3. e3 e6 4. Bd3 Bd6 5. Bg3 c5 6. c3 Qc7 7. Nd2 Nbd7 8. Ngf3 0-0 9. 0-0 e5 10. dxe5 Nxe5 11. Nxe5 Bxe5 12. Bxe5 Qxe5 13. Nf3 Qe7 14. Qc2 Bg4 15. Nd2 Rad8 16. Rfe1 Rd6 17. e4 Re6 18. Re3 d4 19. cxd4 cxd4 20. Ree1 Nd7 21. Rac1 Rc6 22. Qa4 Nc5 23. Qa3 Qc7 24. Bb5 Rh6 25. h3 Qf4 26. Qxc5 Bxh3 27. Qxd4 Rg6 28. Bf1 Bxg2 29. Bxg2 Qg4 30. Kf1 Qxg2+ 31. Ke2 Qg4+ 32. f3 Qf4 33. Rg1 Qh2+ 34. Qf2 Qd6 35. Rxg6 hxg6 36. Qc5 Qh2+ 37. Qf2 Qd6 38. Nc4 Qa6 39. a3 b5 40. Nd2 b4+ 41. Ke1 bxa3 42. Ra1 a2 43. Qe3 Rd8 44. Qa3 Qb6 45. Ke2 Qb5+ 46. Ke1 Qg5 47. Rd1 Qg3+ 48. Ke2 Qg2+ 49. Ke3 Rxd2 50. Rxd2 Qg1+ 51. Kf4 a1Q 52. Qe7 g5+ 53. Kf5 g6+ 54. Kf6 Qa6+ 55. Rd6 Qd4+ 0-1

[Event "Sevastopol Waltz op"]
[Site "Sevastopol"]
[Date "2023.06.23"]
[Round "7"]
[White "Afanasiev, Nikita"]
[Black "Mashinskaya, Iulia"]
[Result "1-0"]
[WhiteElo "2544"]
[BlackElo "2215"]
[PlyCount "59"]
[EventDate "2023.06.17"]
[EventType "swiss"]
[EventRounds "9"]
[EventCountry "UKR"]
[SourceTitle "CBM 214 Extra"]
[Source "ChessBase"]
[SourceDate "2023.07.31"]
[SourceVersion "1"]
[SourceVersionDate "2023.07.31"]
[SourceQuality "1"]

1. e4 c5 2. Nf3 e6 3. g3 Nc6 4. Bg2 Nf6 5. Qe2 d6 6. 0-0 Be7 7. c3 e5 8. h3 0-0 9. Rd1 Qc7 10. Na3 a6 11. d4 cxd4 12. cxd4 b5 13. Nc2 Nd7 14. Ne3 Nb6 15. dxe5 Nxe5 16. Nd4 Bb7 17. b3 Rfe8 18. Bb2 Rad8 19. Rac1 Qb8 20. f4 Ng6 21. Ndf5 Bf8 22. Bxg7 Bxg7 23. Nxg7 Kxg7 24. Nf5+ Kf8 25. Qb2 Rxe4 26. Re1 d5 27. Qg7+ Ke8 28. Qf6 Nc8 29. Bxe4 dxe4 30. Ng7+ 1-0

[Event "Sevastopol Waltz op"]
[Site "Sevastopol"]
[Date "2023.06.21"]
[Round "5"]
[White "Mashinskaya, Iulia"]
[Black "Kryakvin, Andrey"]
[Result "1-0"]
[WhiteElo "2215"]
[BlackElo "1526"]
[PlyCount "104"]
[EventDate "2023.06.17"]
[EventType "swiss"]
[EventRounds "9"]
[EventCountry "UKR"]
[SourceTitle "CBM 214 Extra"]
[Source "ChessBase"]
[SourceDate "2023.07.31"]
[SourceVersion "1"]
[SourceVersionDate "2023.07.31"]
[SourceQuality "1"]

1. c4 e6 2. Nc3 d5 3. cxd5 exd5 4. d4 Nf6 5. Nf3 Be7 6. Bf4 c6 7. h3 h6 8. e3 Bf5 9. Bd3 Bxd3 10. Qxd3 Nbd7 11. 0-0 0-0 12. Rfe1 Bb4 13. Ne5 Qe7 14. a3 Bd6 15. Nxd7 Qxd7 16. Bxd6 Qxd6 17. b4 Rfe8 18. Rab1 a6 19. Na4 Ne4 20. Nc5 Re7 21. a4 b5 22. Nxe4 dxe4 23. Qc2 a5 24. bxa5 Rxa5 25. axb5 Rxb5 26. Rxb5 cxb5 27. Qc8+ Kh7 28. Qf5+ g6 29. Qxb5 Rc7 30. Qb1 Qe6 31. Rc1 Re7 32. Qb8 Re8 33. Qf4 Kg7 34. Rc5 g5 35. Qg3 Re7 36. h4 f6 37. hxg5 hxg5 38. Rc7 Kg6 39. Rxe7 Qxe7 40. Qb8 Kf7 41. Qh8 Ke6 42. Qc8+ Kd5 43. Qg8+ Kc6 44. Qc8+ Kd5 45. Qf5+ Kc6 46. Kh2 Kc7 47. Kh3 Kd8 48. Kg4 Ke8 49. Qd5 Kf8 50. Qc5 Kf7 51. Qxe7+ Kxe7 52. Kf5 Kd6 1-0